Vliv věku matky na zdravotní stav novorozenců v Česku

Zdravotné riziká novorodencov súvisiace s vyšším vekom matky. Rast podielu detí narodených s nižšou pôrodnou váhou. Viacdetný pôrod (dvojčatá, trojčatá, atď.). Asistovaná reprodukcia. Vrodené vývinové chyby. Základná analýza štruktúry novorodencov Všeobecnej zdravotnej poisťovne v ČR (2014). Vplyv v...

Full description

Saved in:
Bibliographic Details
Main Author: Šídlo, Luděk
Other Authors: Šťastná, Anna, Kocourková, Jiřina, Fait, Tomáš
Format: Book Chapter
Language:Czech
Subjects:
Tags: Add Tag
No Tags, Be the first to tag this record!

MARC

LEADER 00000naa a2200000 4500
001 0259780
005 20191120123112.2
041 0 |a cze 
044 |a CZ 
245 1 0 |a Vliv věku matky na zdravotní stav novorozenců v Česku  |c Luděk Šídlo, Anna Šťastná, Jiřina Kocourková, Tomáš Fait 
520 |a Zdravotné riziká novorodencov súvisiace s vyšším vekom matky. Rast podielu detí narodených s nižšou pôrodnou váhou. Viacdetný pôrod (dvojčatá, trojčatá, atď.). Asistovaná reprodukcia. Vrodené vývinové chyby. Základná analýza štruktúry novorodencov Všeobecnej zdravotnej poisťovne v ČR (2014). Vplyv veku matky pri pôrode na komplikácie pri hospitalizácii novorodenca. 
610 2 0 |a demografia 
610 2 0 |a deti 
610 2 0 |a ženy 
610 2 0 |a vek 
610 2 0 |a zdravie 
610 2 0 |a štatistika 
610 2 0 |a Česko 
100 1 |a Šídlo, Luděk 
700 1 |a Šťastná, Anna 
700 1 |a Kocourková, Jiřina 
700 1 |a Fait, Tomáš